[Event "ODJM A 2024"]
[Site "Willingen GER"]
[Date "2024.05.24"]
[Round "8"]
[White "Zobel, Christian"]
[Black "Gallasch, Robin"]
[Result "1/2-1/2"]
[Termination "normal"]
[Board "10"]
[WhiteElo "2013"]
[BlackElo "2119"]
[WhiteClock "00:12:49"]
[BlackClock "00:12:25"]
[PlyCount "47"]
[WhiteFideId "16259068"]
[BlackFideId "16222423"]
[EventCountry "GER"]
[EventRounds "9"]
[EventType "swiss"]
[EventDate "2024.05.18"]

1. d4 {[%clk 01:30:48]} {[%emt 00:00:11]} d5 {[%clk 01:29:31]} {[%emt
00:01:28]} 2. c4 {[%clk 01:31:07]} {[%emt 00:00:12]} e6 {[%clk 01:29:56]}
{[%emt 00:00:05]} 3. Nc3 {[%clk 01:30:57]} {[%emt 00:00:41]} a6 {[%clk
01:29:28]} {[%emt 00:00:57]} 4. cxd5 {[%clk 01:27:36]} {[%emt 00:03:51]} exd5
{[%clk 01:29:53]} {[%emt 00:00:06]} 5. Bf4 {[%clk 01:24:34]} {[%emt 00:03:31]}
Nf6 {[%clk 01:25:47]} {[%emt 00:04:35]} 6. e3 {[%clk 01:23:28]} {[%emt
00:01:36]} Bd6 {[%clk 01:24:11]} {[%emt 00:02:07]} 7. Bxd6 {[%clk 01:17:07]}
{[%emt 00:06:51]} Qxd6 {[%clk 01:24:37]} {[%emt 00:00:04]} 8. Bd3 {[%clk
01:17:17]} {[%emt 00:00:19]} O-O {[%clk 01:24:40]} {[%emt 00:00:28]} 9. Nge2
{[%clk 01:16:19]} {[%emt 00:01:27]} Re8 {[%clk 01:24:31]} {[%emt 00:00:40]} 10.
Qc2 {[%clk 01:13:38]} {[%emt 00:03:10]} Nbd7 {[%clk 01:02:13]} {[%emt
00:22:48]} 11. h3 {[%clk 01:09:28]} {[%emt 00:04:40]} c6 {[%clk 00:56:21]}
{[%emt 00:06:24]} 12. O-O {[%clk 01:04:42]} {[%emt 00:05:14]} Nf8 {[%clk
00:48:37]} {[%emt 00:08:13]} 13. Ng3 {[%clk 00:55:54]} {[%emt 00:09:18]} Ng6
{[%clk 00:46:52]} {[%emt 00:02:16]} 14. Nf5 {[%clk 00:50:02]} {[%emt 00:06:22]}
Bxf5 {[%clk 00:46:35]} {[%emt 00:00:48]} 15. Bxf5 {[%clk 00:50:29]} {[%emt
00:00:03]} Re7 {[%clk 00:42:36]} {[%emt 00:04:28]} 16. Rab1 {[%clk 00:42:59]}
{[%emt 00:08:00]} Rae8 {[%clk 00:39:33]} {[%emt 00:03:34]} 17. b4 {[%clk
00:42:04]} {[%emt 00:01:24]} Ne4 {[%clk 00:38:08]} {[%emt 00:01:56]} 18. Nxe4
{[%clk 00:38:55]} {[%emt 00:03:39]} dxe4 {[%clk 00:38:25]} {[%emt 00:00:13]}
19. Bxg6 {[%clk 00:38:15]} {[%emt 00:01:09]} hxg6 {[%clk 00:35:30]} {[%emt
00:03:26]} 20. a4 {[%clk 00:36:14]} {[%emt 00:02:31]} Rc8 {[%clk 00:23:16]}
{[%emt 00:12:43]} 21. Rfc1 {[%clk 00:27:58]} {[%emt 00:08:47]} Re6 {[%clk
00:21:06]} {[%emt 00:02:40]} 22. b5 {[%clk 00:21:46]} {[%emt 00:06:42]} axb5
{[%clk 00:21:31]} {[%emt 00:00:05]} 23. axb5 {[%clk 00:21:59]} {[%emt
00:00:17]} Qd5 {[%clk 00:12:25]} {[%emt 00:09:36]} 24. Qc5 {[%clk 00:12:49]}
{[%emt 00:09:40]} 1/2-1/2

[Event "ODJM A 2024"]
[Site "Willingen GER"]
[Date "2024.05.24"]
[Round "8"]
[White "Hofmann, Lorenz"]
[Black "Gold, Jan Christian"]
[Result "1-0"]
[Termination "normal"]
[Board "11"]
[WhiteElo "2124"]
[BlackElo "1969"]
[WhiteClock "00:08:38"]
[BlackClock "00:11:08"]
[PlyCount "103"]
[WhiteFideId "12995509"]
[BlackFideId "16298128"]
[EventCountry "GER"]
[EventRounds "9"]
[EventType "swiss"]
[EventDate "2024.05.18"]

1. Nf3 {[%clk 01:30:59]} Nf6 {[%clk 01:30:26]} {[%emt 00:00:34]} 2. c4 {[%clk
01:31:18]} {[%emt 00:00:12]} e6 {[%clk 01:30:29]} {[%emt 00:00:27]} 3. d4
{[%clk 01:31:19]} {[%emt 00:00:29]} d5 {[%clk 01:29:51]} {[%emt 00:01:07]} 4.
cxd5 {[%clk 01:31:27]} {[%emt 00:00:23]} exd5 {[%clk 01:30:14]} {[%emt
00:00:06]} 5. Bg5 {[%clk 01:31:42]} {[%emt 00:00:15]} Be7 {[%clk 01:29:52]}
{[%emt 00:00:53]} 6. Nc3 {[%clk 01:31:15]} {[%emt 00:00:57]} Ne4 {[%clk
01:29:19]} {[%emt 00:01:02]} 7. Bxe7 {[%clk 01:30:01]} {[%emt 00:01:44]} Nxc3
{[%clk 01:29:01]} {[%emt 00:00:48]} 8. bxc3 {[%clk 01:29:11]} {[%emt 00:01:20]}
Qxe7 {[%clk 01:29:24]} {[%emt 00:00:07]} 9. Qb3 {[%clk 01:28:37]} {[%emt
00:01:05]} c6 {[%clk 01:29:27]} {[%emt 00:00:26]} 10. e3 {[%clk 01:28:48]}
{[%emt 00:00:19]} a5 {[%clk 01:26:16]} {[%emt 00:03:42]} 11. a4 {[%clk
01:24:56]} {[%emt 00:04:21]} Bf5 {[%clk 01:25:50]} {[%emt 00:00:56]} 12. Be2
{[%clk 01:19:48]} {[%emt 00:05:39]} O-O {[%clk 01:24:07]} {[%emt 00:02:13]} 13.
O-O {[%clk 01:17:03]} {[%emt 00:03:14]} Na6 {[%clk 01:16:49]} {[%emt 00:07:48]}
14. Ra2 {[%clk 01:11:23]} {[%emt 00:06:10]} Rfb8 {[%clk 01:14:48]} {[%emt
00:02:31]} 15. Qb6 {[%clk 01:09:27]} {[%emt 00:02:26]} Nc7 {[%clk 01:06:41]}
{[%emt 00:08:35]} 16. Rc1 {[%clk 01:02:23]} {[%emt 00:07:35]} h6 {[%clk
01:01:58]} {[%emt 00:05:13]} 17. Ne5 {[%clk 00:56:11]} {[%emt 00:06:44]} Ne8
{[%clk 00:57:45]} {[%emt 00:04:43]} 18. c4 {[%clk 00:44:09]} {[%emt 00:12:31]}
Qb4 {[%clk 00:50:11]} {[%emt 00:08:04]} 19. Qxb4 {[%clk 00:42:00]} {[%emt
00:02:39]} axb4 {[%clk 00:48:10]} {[%emt 00:02:31]} 20. cxd5 {[%clk 00:42:25]}
{[%emt 00:00:05]} cxd5 {[%clk 00:46:43]} {[%emt 00:01:57]} 21. g4 {[%clk
00:37:45]} {[%emt 00:05:10]} b3 {[%clk 00:45:27]} {[%emt 00:01:46]} 22. Rb2
{[%clk 00:38:08]} {[%emt 00:00:07]} Bc2 {[%clk 00:45:27]} {[%emt 00:00:30]} 23.
Bd3 {[%clk 00:37:21]} {[%emt 00:01:17]} Rxa4 {[%clk 00:44:21]} {[%emt
00:01:36]} 24. Bxc2 {[%clk 00:37:41]} {[%emt 00:00:10]} bxc2 {[%clk 00:44:08]}
{[%emt 00:00:44]} 25. Rcxc2 {[%clk 00:37:47]} {[%emt 00:00:24]} Nd6 {[%clk
00:34:22]} {[%emt 00:10:15]} 26. Rc7 {[%clk 00:33:17]} {[%emt 00:05:00]} b5
{[%clk 00:30:31]} {[%emt 00:04:22]} 27. Rc5 {[%clk 00:27:30]} {[%emt 00:06:16]}
f6 {[%clk 00:25:05]} {[%emt 00:05:56]} 28. Nc6 {[%clk 00:25:08]} {[%emt
00:02:52]} Rb6 {[%clk 00:23:57]} {[%emt 00:01:38]} 29. Ne7+ {[%clk 00:25:03]}
{[%emt 00:00:34]} Kh7 {[%clk 00:24:12]} {[%emt 00:00:17]} 30. Nxd5 {[%clk
00:25:24]} {[%emt 00:00:09]} Rb8 {[%clk 00:23:48]} {[%emt 00:00:54]} 31. Kg2
{[%clk 00:18:24]} {[%emt 00:07:29]} Ne4 {[%clk 00:14:48]} {[%emt 00:09:29]} 32.
Rc7 {[%clk 00:13:19]} {[%emt 00:05:35]} Kh8 {[%clk 00:07:43]} {[%emt 00:07:36]}
33. f3 {[%clk 00:10:57]} {[%emt 00:02:52]} Nd6 {[%clk 00:08:11]} {[%emt
00:00:01]} 34. Rb4 {[%clk 00:10:34]} {[%emt 00:00:54]} Rxb4 {[%clk 00:02:38]}
{[%emt 00:06:03]} 35. Nxb4 {[%clk 00:11:00]} {[%emt 00:00:04]} Ra8 {[%clk
00:02:58]} {[%emt 00:00:10]} 36. Rd7 {[%clk 00:06:57]} {[%emt 00:04:33]} Nc4
{[%clk 00:03:16]} {[%emt 00:00:12]} 37. e4 {[%clk 00:06:38]} {[%emt 00:00:50]}
Ra4 {[%clk 00:03:29]} {[%emt 00:00:17]} 38. Nd5 {[%clk 00:06:45]} {[%emt
00:00:22]} Ra2+ {[%clk 00:02:50]} {[%emt 00:01:09]} 39. Kg3 {[%clk 00:06:46]}
{[%emt 00:00:29]} Nd2 {[%clk 00:02:54]} {[%emt 00:00:27]} 40. Kf4 {[%clk
00:02:02]} {[%emt 00:05:14]} Ra3 {[%clk 00:02:12]} {[%emt 00:01:12]} 41. Kf5
{[%clk 00:22:28]} {[%emt 00:10:04]} Nxf3 {[%clk 00:30:56]} {[%emt 00:01:45]}
42. Kg6 {[%clk 00:22:38]} {[%emt 00:00:20]} Nh4+ {[%clk 00:30:00]} {[%emt
00:01:26]} 43. Kf7 {[%clk 00:23:05]} {[%emt 00:00:04]} Nf3 {[%clk 00:27:14]}
{[%emt 00:03:16]} 44. Nf4 {[%clk 00:14:25]} {[%emt 00:09:10]} Kh7 {[%clk
00:26:22]} {[%emt 00:01:22]} 45. h4 {[%clk 00:12:44]} {[%emt 00:02:11]} Nxh4
{[%clk 00:24:44]} {[%emt 00:02:09]} 46. Ne6 {[%clk 00:11:35]} {[%emt 00:01:38]}
Ng6 {[%clk 00:23:07]} {[%emt 00:02:06]} 47. Nxg7 {[%clk 00:11:31]} {[%emt
00:00:35]} Ra6 {[%clk 00:11:36]} {[%emt 00:12:02]} 48. Ne6 {[%clk 00:10:55]}
{[%emt 00:01:05]} Rb6 {[%clk 00:11:44]} {[%emt 00:00:22]} 49. Kxf6+ {[%clk
00:09:16]} {[%emt 00:02:09]} Kh8 {[%clk 00:12:13]} 50. d5 {[%clk 00:08:26]}
{[%emt 00:01:22]} b4 {[%clk 00:10:40]} {[%emt 00:02:03]} 51. Kxg6 {[%clk
00:08:38]} {[%emt 00:00:17]} b3 {[%clk 00:11:08]} {[%emt 00:00:02]} 52. Rd8#
{[%emt 00:00:23]} 1-0

[Event "ODJM A 2024"]
[Site "Willingen GER"]
[Date "2024.05.24"]
[Round "8"]
[White "Beyer, Lorenz"]
[Black "Niesel, Tobias"]
[Result "1/2-1/2"]
[Termination "normal"]
[Board "13"]
[WhiteElo "1956"]
[BlackElo "1943"]
[WhiteClock "00:24:06"]
[BlackClock "00:23:56"]
[PlyCount "43"]
[WhiteFideId "16245393"]
[BlackFideId "12962155"]
[EventCountry "GER"]
[EventRounds "9"]
[EventType "swiss"]
[EventDate "2024.05.18"]

1. e4 {[%clk 01:30:53]} {[%emt 00:00:07]} c6 {[%clk 01:30:55]} {[%emt
00:00:05]} 2. Nc3 {[%clk 01:31:18]} {[%emt 00:00:06]} d5 {[%clk 01:31:18]}
{[%emt 00:00:06]} 3. Nf3 {[%clk 01:31:45]} {[%emt 00:00:03]} Bg4 {[%clk
01:31:25]} {[%emt 00:00:25]} 4. h3 {[%clk 01:32:07]} {[%emt 00:00:08]} Bxf3
{[%clk 01:31:49]} {[%emt 00:00:05]} 5. Qxf3 {[%clk 01:32:32]} {[%emt 00:00:05]}
e6 {[%clk 01:31:48]} {[%emt 00:00:31]} 6. d4 {[%clk 01:32:37]} {[%emt
00:00:26]} Nf6 {[%clk 01:32:09]} {[%emt 00:00:08]} 7. Bd3 {[%clk 01:31:40]}
{[%emt 00:01:27]} Qb6 {[%clk 01:27:42]} {[%emt 00:04:57]} 8. exd5 {[%clk
01:26:09]} {[%emt 00:06:01]} cxd5 {[%clk 01:27:00]} {[%emt 00:01:12]} 9. Ne2
{[%clk 01:16:29]} {[%emt 00:10:10]} Nc6 {[%clk 01:23:34]} {[%emt 00:03:56]} 10.
c3 {[%clk 01:10:17]} {[%emt 00:06:42]} Be7 {[%clk 01:11:46]} {[%emt 00:12:18]}
11. Qg3 {[%clk 01:06:31]} {[%emt 00:04:16]} g6 {[%clk 00:59:36]} {[%emt
00:12:39]} 12. O-O {[%clk 01:04:26]} {[%emt 00:02:34]} Rc8 {[%clk 00:53:54]}
{[%emt 00:06:14]} 13. Rb1 {[%clk 00:57:20]} {[%emt 00:07:36]} a6 {[%clk
00:48:53]} {[%emt 00:05:31]} 14. Bh6 {[%clk 00:51:44]} {[%emt 00:06:06]} Qc7
{[%clk 00:41:22]} {[%emt 00:08:00]} 15. Bf4 {[%clk 00:48:08]} {[%emt 00:04:07]}
Qd8 {[%clk 00:32:44]} {[%emt 00:09:09]} 16. Qf3 {[%clk 00:47:28]} {[%emt
00:01:09]} Nh5 {[%clk 00:31:09]} {[%emt 00:02:04]} 17. Bd2 {[%clk 00:33:03]}
{[%emt 00:14:55]} O-O {[%clk 00:29:38]} {[%emt 00:02:01]} 18. Bh6 {[%clk
00:28:55]} {[%emt 00:04:38]} Re8 {[%clk 00:27:48]} {[%emt 00:02:21]} 19. Nf4
{[%clk 00:27:59]} {[%emt 00:01:25]} Nxf4 {[%clk 00:25:14]} {[%emt 00:03:05]}
20. Bxf4 {[%clk 00:28:27]} {[%emt 00:00:02]} Bg5 {[%clk 00:24:28]} {[%emt
00:01:15]} 21. Bg3 {[%clk 00:27:08]} {[%emt 00:01:50]} Qf6 {[%clk 00:23:56]}
{[%emt 00:01:02]} 22. Qxf6 {[%clk 00:24:06]} {[%emt 00:03:32]} 1/2-1/2

[Event "ODJM A 2024"]
[Site "Willingen GER"]
[Date "2024.05.24"]
[Round "8"]
[White "Grunert, Friedrich"]
[Black "Schäfer, Daniel"]
[Result "1-0"]
[Termination "normal"]
[Board "14"]
[WhiteElo "1977"]
[BlackElo "1916"]
[WhiteClock "01:18:05"]
[BlackClock "00:24:44"]
[PlyCount "89"]
[WhiteFideId "12995592"]
[BlackFideId "16235088"]
[EventCountry "GER"]
[EventRounds "9"]
[EventType "swiss"]
[EventDate "2024.05.18"]

1. d4 {[%clk 01:30:55]} {[%emt 00:00:04]} d5 {[%clk 01:30:56]} {[%emt
00:00:04]} 2. c4 {[%clk 01:31:21]} {[%emt 00:00:05]} e6 {[%clk 01:31:22]}
{[%emt 00:00:03]} 3. Nc3 {[%clk 01:31:47]} {[%emt 00:00:04]} c6 {[%clk
01:31:49]} {[%emt 00:00:03]} 4. Nf3 {[%clk 01:32:12]} {[%emt 00:00:05]} dxc4
{[%clk 01:31:16]} {[%emt 00:01:03]} 5. a4 {[%clk 01:32:29]} {[%emt 00:00:14]}
Bb4 {[%clk 01:31:42]} {[%emt 00:00:03]} 6. e3 {[%clk 01:32:51]} {[%emt
00:00:08]} b5 {[%clk 01:32:09]} {[%emt 00:00:04]} 7. Bd2 {[%clk 01:32:59]}
{[%emt 00:00:20]} a5 {[%clk 01:32:36]} {[%emt 00:00:05]} 8. axb5 {[%clk
01:33:15]} {[%emt 00:00:13]} Bxc3 {[%clk 01:33:04]} {[%emt 00:00:03]} 9. Bxc3
{[%clk 01:33:29]} {[%emt 00:00:16]} cxb5 {[%clk 01:33:32]} {[%emt 00:00:02]}
10. b3 {[%clk 01:33:40]} {[%emt 00:00:19]} Bb7 {[%clk 01:33:59]} {[%emt
00:00:03]} 11. bxc4 {[%clk 01:33:57]} {[%emt 00:00:12]} b4 {[%clk 01:34:27]}
{[%emt 00:00:03]} 12. Bb2 {[%clk 01:34:20]} {[%emt 00:00:05]} Nf6 {[%clk
01:34:55]} {[%emt 00:00:03]} 13. Bd3 {[%clk 01:34:42]} {[%emt 00:00:09]} O-O
{[%clk 01:35:19]} {[%emt 00:00:05]} 14. O-O {[%clk 01:35:07]} {[%emt 00:00:04]}
Nbd7 {[%clk 01:35:46]} {[%emt 00:00:04]} 15. Nd2 {[%clk 01:35:31]} {[%emt
00:00:07]} Qc7 {[%clk 01:36:13]} {[%emt 00:00:02]} 16. Bc2 {[%clk 01:35:41]}
{[%emt 00:00:19]} Rfd8 {[%clk 01:29:42]} {[%emt 00:07:02]} 17. f3 {[%clk
01:35:20]} {[%emt 00:00:51]} e5 {[%clk 01:28:44]} {[%emt 00:01:28]} 18. d5
{[%clk 01:34:36]} {[%emt 00:01:14]} Nb6 {[%clk 01:27:32]} {[%emt 00:01:42]} 19.
Rc1 {[%clk 01:34:56]} {[%emt 00:00:10]} Ba6 {[%clk 01:26:26]} {[%emt 00:01:37]}
20. Bb3 {[%clk 01:34:20]} {[%emt 00:01:05]} Qc5 {[%clk 00:53:50]} {[%emt
00:33:06]} 21. Kh1 {[%clk 01:33:16]} {[%emt 00:01:33]} Bc8 {[%clk 00:37:24]}
{[%emt 00:16:57]} 22. Bxe5 {[%clk 01:30:27]} {[%emt 00:03:18]} Qxe3 {[%clk
00:34:07]} {[%emt 00:03:48]} 23. Bxf6 {[%clk 01:29:14]} {[%emt 00:01:41]} gxf6
{[%clk 00:34:23]} {[%emt 00:00:16]} 24. Re1 {[%clk 01:27:13]} {[%emt 00:02:30]}
Qh6 {[%clk 00:32:09]} {[%emt 00:02:45]} 25. Ne4 {[%clk 01:23:25]} {[%emt
00:04:18]} f5 {[%clk 00:25:58]} {[%emt 00:06:41]} 26. Nc5 {[%clk 01:22:00]}
{[%emt 00:01:55]} Qd6 {[%clk 00:21:37]} {[%emt 00:04:51]} 27. Na4 {[%clk
01:20:30]} {[%emt 00:02:00]} Nxa4 {[%clk 00:20:00]} {[%emt 00:02:07]} 28. Bxa4
{[%clk 01:20:56]} {[%emt 00:00:04]} Qc5 {[%clk 00:19:05]} {[%emt 00:01:25]} 29.
Qd2 {[%clk 01:15:06]} {[%emt 00:06:20]} Bd7 {[%clk 00:10:57]} {[%emt 00:08:38]}
30. Bxd7 {[%clk 01:13:20]} {[%emt 00:02:16]} Rxd7 {[%clk 00:11:25]} {[%emt
00:00:02]} 31. Qg5+ {[%clk 01:13:42]} {[%emt 00:00:08]} Kh8 {[%clk 00:11:45]}
{[%emt 00:00:10]} 32. Qxf5 {[%clk 01:13:12]} {[%emt 00:01:00]} Qd6 {[%clk
00:11:50]} {[%emt 00:00:25]} 33. Red1 {[%clk 01:11:27]} {[%emt 00:02:15]} Rc7
{[%clk 00:08:49]} {[%emt 00:03:31]} 34. Qe4 {[%clk 01:01:16]} {[%emt 00:10:40]}
Rac8 {[%clk 00:00:40]} {[%emt 00:08:39]} 35. Qd4+ {[%clk 01:00:46]} {[%emt
00:01:00]} f6 {[%clk 00:00:47]} {[%emt 00:00:24]} 36. Re1 {[%clk 01:00:26]}
{[%emt 00:00:50]} Re7 {[%clk 00:01:01]} {[%emt 00:00:16]} 37. Rxe7 {[%clk
00:59:05]} {[%emt 00:01:50]} Qxe7 {[%clk 00:01:29]} {[%emt 00:00:03]} 38. c5
{[%clk 00:59:10]} {[%emt 00:00:25]} b3 {[%clk 00:00:36]} {[%emt 00:01:23]} 39.
d6 {[%clk 00:57:39]} {[%emt 00:02:01]} Qd7 {[%clk 00:00:37]} {[%emt 00:00:29]}
40. Qxf6+ {[%clk 00:57:41]} {[%emt 00:00:28]} Kg8 {[%clk 00:01:00]} {[%emt
00:00:07]} 41. Qg5+ {[%clk 00:49:47]} {[%emt 00:08:23]} Kh8 {[%clk 00:28:35]}
{[%emt 00:02:56]} 42. Qe5+ {[%clk 01:19:19]} {[%emt 00:00:57]} Kg8 {[%clk
00:27:15]} {[%emt 00:01:50]} 43. Qd5+ {[%clk 01:18:10]} {[%emt 00:01:40]} Qf7
{[%clk 00:27:36]} {[%emt 00:00:09]} 44. d7 {[%clk 01:17:52]} {[%emt 00:00:48]}
Rf8 {[%clk 00:24:44]} {[%emt 00:03:21]} 45. d8=Q {[%clk 01:18:05]} {[%emt
00:00:17]} 1-0

[Event "ODJM A 2024"]
[Site "Willingen GER"]
[Date "2024.05.24"]
[Round "8"]
[White "Gröschel, Karoline"]
[Black "Ratushnyi, Viktor"]
[Result "0-1"]
[Termination "normal"]
[Board "15"]
[WhiteElo "1952"]
[BlackElo "1880"]
[WhiteClock "00:00:39"]
[BlackClock "00:01:47"]
[PlyCount "114"]
[WhiteFideId "34610537"]
[BlackFideId "34167293"]
[EventCountry "GER"]
[EventRounds "9"]
[EventType "swiss"]
[EventDate "2024.05.18"]

1. e4 {[%clk 01:05:32]} {[%emt 00:00:06]} e5 {[%clk 01:30:54]} {[%emt
00:00:06]} 2. Nf3 {[%clk 01:05:58]} {[%emt 00:00:04]} Nc6 {[%clk 01:31:20]}
{[%emt 00:00:05]} 3. Bb5 {[%clk 01:06:26]} {[%emt 00:00:02]} a6 {[%clk
01:31:39]} {[%emt 00:00:12]} 4. Ba4 {[%clk 01:06:46]} {[%emt 00:00:10]} Nf6
{[%clk 01:31:52]} {[%emt 00:00:15]} 5. O-O {[%clk 01:07:02]} {[%emt 00:00:15]}
Be7 {[%clk 01:32:03]} {[%emt 00:00:18]} 6. Re1 {[%clk 01:07:28]} {[%emt
00:00:04]} b5 {[%clk 01:31:25]} {[%emt 00:01:09]} 7. Bb3 {[%clk 01:07:40]}
{[%emt 00:00:19]} d6 {[%clk 01:31:43]} {[%emt 00:00:11]} 8. c3 {[%clk
01:08:06]} {[%emt 00:00:04]} Bg4 {[%clk 01:31:24]} {[%emt 00:00:48]} 9. h3
{[%clk 01:07:50]} {[%emt 00:00:46]} Bh5 {[%clk 01:31:31]} {[%emt 00:00:24]} 10.
d3 {[%clk 01:07:38]} {[%emt 00:00:42]} Na5 {[%clk 01:27:23]} {[%emt 00:04:38]}
11. Bc2 {[%clk 01:05:36]} {[%emt 00:02:32]} c5 {[%clk 01:27:19]} {[%emt
00:00:35]} 12. Nbd2 {[%clk 01:05:31]} {[%emt 00:00:34]} O-O {[%clk 01:25:22]}
{[%emt 00:02:26]} 13. g4 {[%clk 00:57:50]} {[%emt 00:08:11]} Bg6 {[%clk
01:25:17]} {[%emt 00:00:35]} 14. Nf1 {[%clk 00:57:58]} {[%emt 00:00:23]} Nc6
{[%clk 01:05:32]} {[%emt 00:20:15]} 15. Qe2 {[%clk 00:52:17]} {[%emt 00:06:12]}
h5 {[%clk 00:54:05]} {[%emt 00:11:56]} 16. Nh4 {[%clk 00:46:15]} {[%emt
00:06:31]} hxg4 {[%clk 00:38:09]} {[%emt 00:16:27]} 17. Nxg6 {[%clk 00:46:06]}
{[%emt 00:00:39]} fxg6 {[%clk 00:38:22]} {[%emt 00:00:17]} 18. Bb3+ {[%clk
00:44:39]} {[%emt 00:01:57]} Kh8 {[%clk 00:37:24]} {[%emt 00:01:28]} 19. hxg4
{[%clk 00:44:54]} {[%emt 00:00:15]} Nh7 {[%clk 00:35:48]} {[%emt 00:02:05]} 20.
Kg2 {[%clk 00:43:06]} {[%emt 00:02:18]} Bh4 {[%clk 00:29:55]} {[%emt 00:06:22]}
21. Ng3 {[%clk 00:39:50]} {[%emt 00:03:47]} g5 {[%clk 00:26:19]} {[%emt
00:04:06]} 22. Rh1 {[%clk 00:32:02]} {[%emt 00:08:18]} g6 {[%clk 00:25:33]}
{[%emt 00:01:16]} 23. Be3 {[%clk 00:32:05]} {[%emt 00:00:27]} Qe7 {[%clk
00:22:34]} {[%emt 00:03:30]} 24. Rh3 {[%clk 00:31:40]} {[%emt 00:00:55]} Ra7
{[%clk 00:15:38]} {[%emt 00:07:26]} 25. Rah1 {[%clk 00:31:41]} {[%emt
00:00:27]} Nd8 {[%clk 00:12:22]} {[%emt 00:03:47]} 26. Qd2 {[%clk 00:24:09]}
{[%emt 00:08:02]} Qf6 {[%clk 00:09:24]} {[%emt 00:03:29]} 27. Nf1 {[%clk
00:19:02]} {[%emt 00:05:36]} Ne6 {[%clk 00:08:53]} {[%emt 00:01:01]} 28. f3
{[%clk 00:18:31]} {[%emt 00:01:00]} Nf4+ {[%clk 00:06:00]} {[%emt 00:03:24]}
29. Bxf4 {[%clk 00:18:56]} {[%emt 00:00:05]} exf4 {[%clk 00:04:54]} {[%emt
00:01:36]} 30. d4 {[%clk 00:13:46]} {[%emt 00:05:40]} cxd4 {[%clk 00:04:26]}
{[%emt 00:00:58]} 31. Qxd4 {[%clk 00:14:10]} {[%emt 00:00:06]} Qxd4 {[%clk
00:04:50]} {[%emt 00:00:07]} 32. cxd4 {[%clk 00:14:33]} {[%emt 00:00:07]} Rc7
{[%clk 00:04:23]} {[%emt 00:00:57]} 33. Nd2 {[%clk 00:13:23]} {[%emt 00:01:39]}
Nf6 {[%clk 00:03:38]} {[%emt 00:01:16]} 34. Rd1 {[%clk 00:13:22]} {[%emt
00:00:30]} Nd7 {[%clk 00:02:57]} {[%emt 00:01:11]} 35. Rhh1 {[%clk 00:11:47]}
{[%emt 00:02:05]} Kg7 {[%clk 00:02:58]} {[%emt 00:00:30]} 36. Kf1 {[%clk
00:03:18]} {[%emt 00:08:58]} Kf6 {[%clk 00:01:26]} {[%emt 00:02:02]} 37. Ke2
{[%clk 00:03:24]} {[%emt 00:00:25]} Rfc8 {[%clk 00:01:22]} {[%emt 00:00:34]}
38. a3 {[%clk 00:01:32]} {[%emt 00:02:22]} Nb6 {[%clk 00:00:55]} {[%emt
00:00:57]} 39. Nb1 {[%clk 00:01:09]} {[%emt 00:00:53]} Nc4 {[%clk 00:00:45]}
{[%emt 00:00:40]} 40. Bxc4 {[%clk 00:00:52]} {[%emt 00:00:47]} Rxc4 {[%clk
00:00:38]} {[%emt 00:00:36]} 41. Nc3 {[%clk 00:00:38]} {[%emt 00:00:43]} Kg7
{[%clk 00:24:15]} {[%emt 00:06:54]} 42. Rd2 {[%clk 00:28:31]} {[%emt 00:02:38]}
Bg3 {[%clk 00:17:49]} {[%emt 00:06:55]} 43. Kd3 {[%clk 00:25:02]} {[%emt
00:03:58]} b4 {[%clk 00:12:37]} {[%emt 00:05:43]} 44. Nd5 {[%clk 00:22:54]}
{[%emt 00:02:38]} bxa3 {[%clk 00:11:56]} {[%emt 00:01:11]} 45. bxa3 {[%clk
00:10:46]} {[%emt 00:12:39]} Ra4 {[%clk 00:10:10]} {[%emt 00:02:15]} 46. Ra1
{[%clk 00:10:23]} {[%emt 00:00:53]} Rcc4 {[%clk 00:09:54]} {[%emt 00:00:46]}
47. Rb2 {[%clk 00:06:25]} {[%emt 00:04:28]} Rxd4+ {[%clk 00:09:53]} {[%emt
00:00:31]} 48. Ke2 {[%clk 00:06:35]} {[%emt 00:00:19]} Rac4 {[%clk 00:05:52]}
{[%emt 00:04:32]} 49. Rb7+ {[%clk 00:04:15]} {[%emt 00:02:50]} Kf8 {[%clk
00:05:20]} {[%emt 00:01:02]} 50. Rb8+ {[%clk 00:01:08]} {[%emt 00:03:37]} Kf7
{[%clk 00:04:47]} {[%emt 00:01:03]} 51. Rb7+ {[%clk 00:00:45]} {[%emt
00:00:53]} Ke8 {[%clk 00:03:07]} {[%emt 00:02:10]} 52. Rab1 {[%clk 00:00:57]}
{[%emt 00:00:19]} Rc2+ {[%clk 00:01:54]} {[%emt 00:01:43]} 53. Kf1 {[%clk
00:01:22]} {[%emt 00:00:04]} Rdc4 {[%clk 00:00:50]} {[%emt 00:01:35]} 54. Re7+
{[%clk 00:01:03]} {[%emt 00:00:49]} Kd8 {[%clk 00:00:40]} {[%emt 00:00:40]} 55.
Rb8+ {[%clk 00:00:55]} {[%emt 00:00:37]} Rc8 {[%clk 00:01:09]} {[%emt
00:00:01]} 56. Rbb7 {[%clk 00:00:43]} {[%emt 00:00:43]} Rf2+ {[%clk 00:01:23]}
{[%emt 00:00:16]} 57. Kg1 {[%clk 00:00:39]} {[%emt 00:00:33]} Rc1# {[%clk
00:01:47]} {[%emt 00:00:05]} 0-1